| 000 | 01479cam a22003371i 4500 | ||
|---|---|---|---|
| 003 | SA_RiAUC | ||
| 005 | 20250530121557.0 | ||
| 008 | 250529s2010____su g b f000 0 ara c | ||
| 020 | _a9789960003597 | ||
| 035 | _aAUC_OC_389503 | ||
| 040 |
_aSA-MaUQU _bara _cSA-RiAUC _erda |
||
| 043 | _aa-tu--- | ||
| 082 | 0 | 4 |
_a686.209561 _qSA-RiAUC |
| 090 |
_a686.209561 _bق د و |
||
| 100 | 1 |
_aقدورة، وحيد، _d1955- _eمؤلف. |
|
| 245 | 1 | 0 |
_aتاريخ الطباعة العربية في إستانبول وبلاد الشام / _cوحيد بن الطاهر قدورة. |
| 250 | _aالطبعة الثانية. | ||
| 264 | 1 |
_aالرياض : _bمكتبة الملك فهد الوطنية، _c2010 |
|
| 300 |
_a379 صفحة ؛ _c24 × 17 سم. |
||
| 336 |
_aنص _btxt _2rdacontent _3كتاب |
||
| 337 |
_aبدون وسيط _bn _2rdamedia |
||
| 338 |
_aمجلد _bnc _2rdacarrier |
||
| 490 | 1 |
_aمطبوعات مكتبة الملك فهد الوطنية. _aالسلسلة الثانية ؛ _v18 |
|
| 504 | _aبيبليوجرافية : صفحة 361-379. | ||
| 650 | 7 |
_aالطباعة العربية _zتركيا _zإسطنبول _xتاريخ _2aucsh |
|
| 650 | 7 |
_aالطباعة العربية _zبلاد الشام _xتاريخ _2aucsh |
|
| 650 | 7 |
_aالطباعة _zتركيا _xتاريخ _2aucsh |
|
| 830 | 0 |
_aمطبوعات مكتبة الملك فهد الوطنية. _nالسلسلة الثانية _v18 |
|
| 942 |
_2ddc _cBOOK _n0 |
||
| 949 |
_aSA-JeALM _d250529 _uosman123 _n1 |
||
| 999 |
_c8500 _d8500 |
||